|
|
|
|
| LEADER |
00000cam a2200000 7i4500 |
| 001 |
0000002305 |
| 005 |
20030123.0 |
| 020 |
|
|
|a 1558440836
|
| 040 |
|
|
|a INS
|
| 090 |
0 |
0 |
|a HD266.M4
|b D42 1989
|
| 245 |
1 |
0 |
|a Dealing with change in the Connecticut River Valley :
|b a design manual for conservation and development
|c Prof. Robert D. Yaro (et. al)
|
| 260 |
|
|
|a Massachusetts :
|b Lincoln Institute of Land Policy and the Environmental Law Foundation ,
|c 1989
|
| 300 |
|
|
|a 182 p ;
|c 28 cm.
|
| 650 |
0 |
0 |
|a Land use
|
| 650 |
0 |
0 |
|a Nature conservation
|
| 700 |
1 |
|
|a Yaro, Robert D.
|
| 999 |
|
|
|a 0000003871
|b BOOK
|c Open Shelf
|e Default branch
|